Manual de los afrodescendientes de las Américas y el Caribe / (Registro nro. 11766)

Detalles MARC
000 -LIDER
fixed length control field 00679nam a22002057a 4500
001 - NÚMERO DE CONTROL
Identificador de número de control 000633
003 - IDENTIFICACDOR DE NÚMERO DE CONTROL
control field DO-SdBNP
005 - DATE AND TIME OF LATEST TRANSACTION
control field 20180130104355.0
007 - CAMPOS FIJOS DE DESCRIPCIÓN FÍSICA
fixed length control field 000633
008 - ELEMENTOS DE LONGITUD FIJA
fixed length control field 161102b 2006 ck a ||||| |||| 00| 0 spa d
020 ## - ISBN
International Standard Book Number 9789280640946
020 ## - ISBN
International Standard Book Number 9280640941
040 ## - FUENTE DE CATALOGACIÓN
Agencia que crea de manera original el registro BPMSU
Idioma de catalogación spa
Agencia que realiza la transcripción BPMSU
245 00 - MENCIÓN DE TITULO
Título Manual de los afrodescendientes de las Américas y el Caribe /
Mención de responsabilidad UNICEF, Mundo Afro, Secretaria de Estado de Cooperacion Internacional del Gobierno Español.
260 ## - PUBLICACIÓN, DISTRIBUCIÓN, ETC. (PIE DE IMPRENTA)
Lugar de publicación, distribución, etc Bogotá :
Nombre del editor, distribuidor, etc. UNICEF,
Fecha de publicación, distribución, etc 2006.
300 ## - DESCRIPCIÓN FÍSICA
Extensión 127 p. :
Otros detalles físicos il., mapas ;
Dimensiones 27 cm.
942 ## - ADDED ENTRY ELEMENTS (KOHA)
Source of classification or shelving scheme Dewey Decimal Classification
Koha item type Libros
945 ## - INFORMACIÓN DE PROCESAMIENTO LOCAL
Información de procesamiento local Inventariado, 2018/MFF
956 ## - LOCAL ELECTRONIC LOCATION AND ACCESS (OCLC)
Método de acceso LOPEREZ
Materiales especificados 10
Enlace 20161102
Campo enlazado y núm. de secuencia BPMSU
Nombre de host 00041
Existencias
Withdrawn status Lost status Source of classification or shelving scheme Damaged status Not for loan Collection code Home library Current library Date acquired Source of acquisition Total Checkouts Barcode Date last seen Price effective from Koha item type
    Dewey Decimal Classification     Colección General Biblioteca Pública Metropolitana Salomé Ureña Biblioteca Pública Metropolitana Salomé Ureña 11/02/2016 Donación   BPMSU16110032 11/02/2016 11/02/2016 Libros